000 00458nam a2200169Ia 4500
008 230917s9999||||xx |||||||||||||| ||und||
020 _cRS895
040 _e247498
_aMAIN
041 _aEnglish
082 _a641.5954792 K527K
100 _aKhanna, Vikas
245 0 _aKhanna Sutra: Food lessons in love
260 _aNoida
_bOm Books International
_c2013
300 _a184 p.
500 _a3123 23/05/2018 HBD18/7404 26/05/2018 Main Budget
942 _cBK
999 _c26831
_d26831